Polskie miasta zaczynające się na Polską literę - Statystyki

Ogólne statystyki
  • Ten quiz został rozwiązany 45 razy
  • Średni wynik to 17 z 58
Statystyki odpowiedzi
Litera Województwo Miasto % Poprawnych
Ł Łódzkie Łódź
84%
Ć Świętokrzyskie Ćmielów
65%
Ł Podlaskie Łomża
62%
Ł Łódzkie Łowicz
59%
Ż Śląskie Żory
59%
Ś Wielkopolskie Środa Wielkopolska
57%
Ż Mazowieckie Żyrardów
57%
Ś Wielkopolskie Śrem
54%
Ś Dolnośląskie Świdnica
54%
Ł Pomorskie Łeba
51%
Ś Zachodniopomorskie Świnoujście
51%
Ż Lubuskie Żary
51%
Ł Podkarpackie Łańcut
43%
Ł Lubelskie Łęczna
43%
Ś Lubelskie Świdnik
43%
Ż Lubuskie Żagań
43%
Ś Dolnośląskie Środa Śląska
41%
Ż Śląskie Żywiec
41%
Ł Łódzkie Łask
38%
Ł Łódzkie Łęczyca
38%
Ś Lubuskie Świebodzin
38%
Ś Dolnośląskie Świeradów-Zdrój
38%
Ś Śląskie Świętochłowice
38%
Ż Kujawsko-Pomorskie Żnin
38%
Ł Lubelskie Łuków
35%
Ł Zachodniopomorskie Łobez
32%
Ś Zachodniopomorskie Świdwin
30%
Ś Kujawsko-Pomorskie Świecie
30%
Ż Łódzkie Żychlin
30%
Ł Podlaskie Łapy
27%
Ł Mazowieckie Łochów
27%
Ł Śląskie Łazy
24%
Ł Śląskie Łaziska Górne
22%
Ł Mazowieckie Łomianki
22%
Ś Dolnośląskie Świebodzice
22%
Ż Mazowieckie Żuromin
22%
Ł Mazowieckie Łaskarzew
19%
Ż Łódzkie Żarnów
19%
Ż Pomorskie Żukowo
19%
Ż Dolnośląskie Żarów
16%
Ł Świętokrzyskie Łagów
14%
Ł Mazowieckie Łosice
14%
Ś Dolnośląskie Ścinawa
14%
Ż Małopolskie Żabno
14%
Ż Śląskie Żarki
11%
Ł Kujawsko-Pomorskie Łabiszyn
8%
Ł Świętokrzyskie Łopuszno
8%
Ś Wielkopolskie Ślesin
8%
Ż Dolnośląskie Żmigród
8%
Ś Wielkopolskie Śmigiel
5%
Ś Małopolskie Świątniki Górne
5%
Ż Mazowieckie Żelechów
5%
Ł Lubelskie Łaszczów
3%
Ł Lubuskie Łęknica
3%
Ł Wielkopolskie Łobżenica
3%
Ż Wielkopolskie Żerków
3%
Ł Kujawsko-Pomorskie Łasin
0%
Ś Dolnośląskie Świerzawa
0%
Nie znaleziono quizów pasujących do podanych kryteriów
Rozkład punktacji
Procent ludzi z każdym wynikiem
Percentyl według liczby udzielonych odpowiedzi
Twoja historia wyników
Nie rozwiązałeś tego quizu